书目信息 |
| 题名: |
商业分析
|
|
| 作者: | 沙尔达 , 德伦 , 特班 著 ;蔡晓妍 译 | |
| 分册: | ||
| 出版信息: | 北京 机械工业出版社 2022.05 |
|
| 页数: | 18, 750页 | |
| 开本: | 24cm | |
| 丛书名: | 数据分析与决策技术丛书 | |
| 单 册: | ||
| 中图分类: | TP274 , TP274 | |
| 科图分类: | ||
| 主题词: | 数据处理--shu ju chu li--关系--商业信息--分析 | |
| 电子资源: | ||
| ISBN: | 978-7-111-70435-5 | |
| 000 | 01705oam2 2200349 450 | |
| 001 | 011025150545 | |
| 005 | 20221025150545.0 | |
| 010 | @a978-7-111-70435-5@dCNY199.00 | |
| 100 | @a20201004d2022 em y0chiy50 ea | |
| 101 | 1 | @achi@ceng |
| 102 | @aCN@b110000 | |
| 105 | @aa z 000yy | |
| 106 | @ar | |
| 200 | 1 | @a商业分析@Ashang ye fen xi@e基于数据科学及人工智能技术的决策支持系统@dAnalytics, data science, & artificial intelligence@esystems for decision support@f(美) 拉姆什·沙尔达(Ramesh Sharda) , (美) 杜尔森·德伦(Dursun Delen) , (美) 埃弗瑞姆·特班(Efraim Turban) 著@g蔡晓妍等译@zeng |
| 210 | @a北京@c机械工业出版社@d2022.05 | |
| 215 | @a18, 750页@c图@d24cm | |
| 225 | 2 | @a数据分析与决策技术丛书@Ashu ju fen xi yu jue ce ji shu cong shu |
| 300 | @a华章ITPearson | |
| 304 | @a译者还有:杨黎斌、韩军伟、姚超、程塨、姚西文等6人 | |
| 305 | @aPearson Education(培生教育出版集团)授权出版 据原书第11版译出 | |
| 330 | @a本书介绍商业分析相关技术以及智能决策的基本方法、技术和软件。全书围绕两个主题进行组织:不同类型的分析的动机、概念、方法,以及驱动现代分析领域的新技术,如人工智能、机器学习、深度学习、机器人技术、物联网和智能机器人协作辅助系统等。 | |
| 410 | 0 | @12001 @a数据分析与决策技术丛书 |
| 510 | 1 | @aAnalytics, data science, & artificial intelligence@esystems for decision support@zeng |
| 606 | 0 | @a数据处理@Ashu ju chu li@x关系@x商业信息@x分析 |
| 690 | @aTP274@v5 | |
| 690 | @aTP274@v5 | |
| 701 | 0 | @c(美)@a沙尔达@Asha er da@g(Sharda, Ramesh)@4著 |
| 701 | 0 | @c(美)@a德伦@Ade lun@g(Delen, Dursun)@4著 |
| 701 | 0 | @c(美)@a特班@Ate ban@g(Turban, Efraim)@4著 |
| 702 | 0 | @a蔡晓妍@Acai xiao yan@4译 |
| 801 | 0 | @aCN@c20221025 |
| 905 | @a河南城建学院图书馆@dTP274@eL0081 | |
| 商业分析:基于数据科学及人工智能技术的决策支持系统=Analytics, data science, & artificial intelligence:systems for decision support/(美) 拉姆什·沙尔达(Ramesh Sharda) , (美) 杜尔森·德伦(Dursun Delen) , (美) 埃弗瑞姆·特班(Efraim Turban) 著/蔡晓妍等译.-北京:机械工业出版社,2022.05 |
| 18, 750页:图;24cm.-(数据分析与决策技术丛书) |
| 华章ITPearson |
| ISBN 978-7-111-70435-5:CNY199.00 |
| 本书介绍商业分析相关技术以及智能决策的基本方法、技术和软件。全书围绕两个主题进行组织:不同类型的分析的动机、概念、方法,以及驱动现代分析领域的新技术,如人工智能、机器学习、深度学习、机器人技术、物联网和智能机器人协作辅助系统等。 |
| ● |
| 相关链接 |
|
|
|
正题名:商业分析
索取号:TP274/L0081
 
预约/预借
| 序号 | 登录号 | 条形码 | 馆藏地/架位号 | 状态 | 备注 |
| 1 | 1584535 | 215845352 | 自科库301/301自科库 42排6列2层/ [索取号:TP274/L0081] | 在馆 |